Statystyki dla Iron Maiden - utwory z dyskografii nigdy nie grane na żywo

Kliknij tutaj aby rozwiązać quiz!

Ogólne statystyki

  • Ten quiz został rozwiązany 5 razy
  • Średni wynik to 13 z 44

Statystyki odpowiedzi

Odpowiedź% Poprawnych
Empire Of The Clouds
60%
Mother Russia
60%
The Alchemist
60%
The Nomad
60%
The Parchment
60%
Como Estais Amigos
40%
Darkest Hour
40%
Deja Vu
40%
Face In The Sand
40%
Flash Of The Blade
40%
Gangland
40%
Montsegur
40%
Mother Of Mercy
40%
New Frontier
40%
Only The Good Die Young
40%
Quest For Fire
40%
Starblind
40%
Sun And Steel
40%
The Duellists
40%
The Man Of Sorrows
40%
The Prophecy
40%
The Thin Line Between Love And Hate
40%
2 A.M.
20%
Age Of Innocence
20%
Chains Of Misery
20%
Childhood’s End
20%
Fates Warning
20%
Fear Is The Key
20%
Gates Of Tomorrow
20%
Invaders
20%
Judas Be My Guide
20%
Judgement Of Heaven
20%
Prodigal Son
20%
The Fugitive
20%
The Isle Of Avalon
20%
The Man Who Would Be King
20%
Weekend Warrior
20%
When The River Runs Deep
20%
Look For The Truth
0%
Lost In A Lost World
0%
Run Silent Run Deep
0%
Shadows Of The Valley
0%
The Apparition
0%
The Unbeliever
0%

Rozkład punktacji

Percentyl według liczby udzielonych odpowiedzi

Procent ludzi z każdym wynikiem

Twoja historia wyników

Nie rozwiązałeś tego quizu